<?xml version="1.0" encoding="UTF-8"?>
<record
    xmlns:xsi="http://www.w3.org/2001/XMLSchema-instance"
    xsi:schemaLocation="http://www.loc.gov/MARC21/slim http://www.loc.gov/standards/marcxml/schema/MARC21slim.xsd"
    xmlns="http://www.loc.gov/MARC21/slim">

  <leader>01800nam a2200277Ia 4500</leader>
  <controlfield tag="001">E6934</controlfield>
  <controlfield tag="003">IT-RoPAU</controlfield>
  <controlfield tag="008">130308s9999    xx            000 0 und d</controlfield>
  <datafield tag="040" ind1=" " ind2=" ">
    <subfield code="a">IT-RoPAU</subfield>
  </datafield>
  <datafield tag="040" ind1=" " ind2=" ">
    <subfield code="c">IT-RoPAU</subfield>
  </datafield>
  <datafield tag="041" ind1=" " ind2=" ">
    <subfield code="a">POLACCO</subfield>
  </datafield>
  <datafield tag="100" ind1=" " ind2=" ">
    <subfield code="a">Pelc Jerzy</subfield>
  </datafield>
  <datafield tag="100" ind1=" " ind2=" ">
    <subfield code="g">Codice Aut. SPICS:  3720</subfield>
  </datafield>
  <datafield tag="245" ind1=" " ind2=" ">
    <subfield code="a">Wizerunki i Wspomnienia: Materialy do Dziejow Semiotyki</subfield>
  </datafield>
  <datafield tag="245" ind1=" " ind2=" ">
    <subfield code="b">Wizerunki I Wspomnienia: Materialy do Dziejow Semiotyki</subfield>
  </datafield>
  <datafield tag="250" ind1=" " ind2=" ">
    <subfield code="a">1a ed.</subfield>
  </datafield>
  <datafield tag="260" ind1=" " ind2=" ">
    <subfield code="b">Universita' Di Varsavia</subfield>
  </datafield>
  <datafield tag="260" ind1=" " ind2=" ">
    <subfield code="c">1994 [1&#xB0; Ed.:1994 - Ed.Ling.Originale:1994]</subfield>
  </datafield>
  <datafield tag="300" ind1=" " ind2=" ">
    <subfield code="a">"394 p. (prefazione: no ; testo: 394)"</subfield>
  </datafield>
  <datafield tag="500" ind1=" " ind2=" ">
    <subfield code="a">Immagini e Ricordi: Materiali per una Storia della Semiotica. Ricordi: Dalla Storia dell'Universit&#xE0; di Varsavia. Ricordo dei miei Insagnanti di Filosofia. Tadeusz Kotarbinski: Insegnante, Filosofo, 80&#xD8; Anniversario della Sua Nascita, via al Realismo, Introduzione al suo Libro: pensieri su Uomini Esu Questioni di Uomini, Ricordo e saluto Dopo la Sua Morte. Wladislaw Tatarkiewicz: Filosofo e Umanista. Tadeusz Czezowski. Kazimierz Ajdukiewicz: Scienziato e Sua Logica Semiotica. Julian Krzyzanowski. Roman Ingarden. Mieczyslaw Wallis.Jerzy Kurylowicz. Witold Doroszewski. Izydora Dambska. Seweryna Luszczewska Romahnowa. Stefan Zolkiewski. Tadeusz Wojcik e la Sua Prasseosemiotica. Piccoli Frammenti Di: Kazimierz Twardowski, Wladislaw Witwicki, Maria Ossowska, Alfred Tarski, Jerzy Kreczmar, Chaim Perelman, Roman Jakobson, Susanne Langer, Charles Morris, Richard M. Martin, Ferruccio Rossi Landi, Hans Hormann. Discorso D'Introduzione nel Giubileo del 100&#xD8; Anniversariodella Nascita di Tadeusz Kotarbinski e Wladislaw Tatarkiewicz.</subfield>
  </datafield>
  <datafield tag="650" ind1=" " ind2=" ">
    <subfield code="a">SAGGI DI SEMIOLOGIA</subfield>
  </datafield>
  <datafield tag="650" ind1=" " ind2=" ">
    <subfield code="e">Codice materia Spics: 3257</subfield>
  </datafield>
  <datafield tag="942" ind1=" " ind2=" ">
    <subfield code="c">BK</subfield>
  </datafield>
  <datafield tag="957" ind1=" " ind2=" ">
    <subfield code="7">1</subfield>
  </datafield>
  <datafield tag="999" ind1=" " ind2=" ">
    <subfield code="c">88305</subfield>
    <subfield code="d">88305</subfield>
  </datafield>
  <datafield tag="999" ind1=" " ind2=" ">
    <subfield code="g">1</subfield>
  </datafield>
  <datafield tag="952" ind1=" " ind2=" ">
    <subfield code="0">0</subfield>
    <subfield code="1">0</subfield>
    <subfield code="4">0</subfield>
    <subfield code="6">E_000000000000000_6934</subfield>
    <subfield code="7">1</subfield>
    <subfield code="a">SPICS</subfield>
    <subfield code="b">SPICS</subfield>
    <subfield code="d">2013-03-08</subfield>
    <subfield code="l">0</subfield>
    <subfield code="o">E6934</subfield>
    <subfield code="r">2013-03-08 00:00:00</subfield>
    <subfield code="w">2013-03-08</subfield>
    <subfield code="y">BK</subfield>
    <subfield code="z">Progressivo inserimento:  6982 /  N. Volumi: 1 Copie: 1  / data import: 1 marzo 2013 - By Epidotti, Trombetti, Vaglietti. </subfield>
  </datafield>
</record>
